[Event "Hampshire Major"]
[Site "Eastleigh"]
[Date "2013.11.08"]
[Round "1"]
[White "Chapman, Matthew"]
[Black "Syed, Ashraf"]
[Result "1-0"]
[WhiteElo "1784"]
[BlackElo "1656"]
[PlyCount "81"]
[EventDate "2013.11.08"]
[EventType "swiss"]
[EventRounds "6"]
[EventCountry "ENG"]
[SourceTitle "Hampshire Chess Congress"]
[Source "Arthur Brameld"]
[SourceDate "2019.01.27"]
[SourceVersion "1"]
[SourceVersionDate "2019.01.27"]
[SourceQuality "2"]

1. e4 g6 2. d4 Bg7 3. c4 d6 4. Nc3 Nf6 5. f3 O-O 6. Be3 c5 7. dxc5 dxc5 8. Qxd8 Rxd8 9. Bxc5 Nc6 10. Nge2 Be6 11. Nd5 Nd7 12. Ba3 Nde5 13. Nec3 Na5 14. O-O-O Bxd5 15. cxd5 Nac4 16. Bxc4 Nxc4 17. Bxe7 Rd7 18. Bc5 Rc7 19. Bd4 Bh6+ 20. Kb1 Nd2+ 21. Kc2 Nc4 22. a3 Rac8 23. Rd3 b5 24. Rhd1 a5 25. Kb1 b4 26. axb4 axb4 27. Nb5 Rb7 28. Na7 Rcc7 29. Nc6 b3 30. Ne5 Bg7 31. Nxc4 Rxc4 32. Bxg7 Kxg7 33. d6 Ra4 34. d7 Rba7 35. Rxb3 Ra1+ 36. Kc2 Rc7+ 37. Rc3 Rxd1 38. Rxc7 Rd6 39. e5 Rd5 40. b4 Rd4 41. b5 1-0

[Event "Hampshire Major"]
[Site "Eastleigh"]
[Date "2013.11.08"]
[Round "1"]
[White "Dallas, Peter L"]
[Black "Conway, Alexander"]
[Result "0-1"]
[WhiteElo "1720"]
[BlackElo "1848"]
[PlyCount "60"]
[EventDate "2013.11.08"]
[EventType "swiss"]
[EventRounds "6"]
[EventCountry "ENG"]
[SourceTitle "Hampshire Chess Congress"]
[Source "Arthur Brameld"]
[SourceDate "2019.01.27"]
[SourceVersion "1"]
[SourceVersionDate "2019.01.27"]
[SourceQuality "2"]

1. Nf3 Nf6 2. g3 d5 3. d3 Bg4 4. Nbd2 c6 5. Bg2 Nbd7 6. c4 e6 7. O-O Be7 8. b3 O-O 9. h3 Bxf3 10. Nxf3 Qb6 11. g4 Rad8 12. Be3 c5 13. Bg5 h6 14. Bh4 d4 15. Qd2 Qd6 16. g5 hxg5 17. Bg3 e5 18. Nxg5 Nh5 19. Bh2 Qg6 20. h4 b6 21. Be4 Qd6 22. f4 exf4 23. Bxf4 Nxf4 24. Rxf4 Nf6 25. Bf3 Qe5 26. Rf1 Bd6 27. Bd5 Nh5 28. e3 dxe3 29. Qe2 Nxf4 30. Rxf4 Qxf4 0-1

[Event "Hampshire Major"]
[Site "Eastleigh"]
[Date "2013.11.08"]
[Round "1"]
[White "Dore, Alexandre"]
[Black "Pope, Michael"]
[Result "1-0"]
[WhiteElo "1824"]
[BlackElo "1664"]
[PlyCount "43"]
[EventDate "2013.11.08"]
[EventType "swiss"]
[EventRounds "6"]
[EventCountry "ENG"]
[SourceTitle "Hampshire Chess Congress"]
[Source "Arthur Brameld"]
[SourceDate "2019.01.27"]
[SourceVersion "1"]
[SourceVersionDate "2019.01.27"]
[SourceQuality "2"]

1. e4 d6 2. d4 Nf6 3. Nc3 e5 4. d5 a6 5. a4 Be7 6. h3 O-O 7. Nf3 h6 8. Be2 c6 9. Qd3 Nbd7 10. Be3 Re8 11. O-O Nf8 12. a5 Bd7 13. Nxe5 cxd5 14. Nxd7 dxe4 15. Nxf6+ Bxf6 16. Nxe4 Bxb2 17. Rab1 Bf6 18. Nxf6+ Qxf6 19. Rxb7 d5 20. Rb6 Qe7 21. Qxd5 Rad8 22. Qb3 1-0

[Event "Hampshire Major"]
[Site "Eastleigh"]
[Date "2013.11.08"]
[Round "1"]
[White "Hurn, Paul AT"]
[Black "Williams, Robin J"]
[Result "1/2-1/2"]
[WhiteElo "1752"]
[BlackElo "1616"]
[PlyCount "62"]
[EventDate "2013.11.08"]
[EventType "swiss"]
[EventRounds "6"]
[EventCountry "ENG"]
[SourceTitle "Hampshire Chess Congress"]
[Source "Arthur Brameld"]
[SourceDate "2019.01.27"]
[SourceVersion "1"]
[SourceVersionDate "2019.01.27"]
[SourceQuality "2"]

1. e4 e5 2. Nf3 Nf6 3. Nc3 Bb4 4. d3 Nc6 5. Be2 d6 6. O-O O-O 7. Bg5 h6 8. Bh4 g5 9. Bg3 Nh5 10. Nd5 Nxg3 11. fxg3 Bc5+ 12. Kh1 f5 13. c3 fxe4 14. dxe4 Ne7 15. b4 Bb6 16. Bc4 Kg7 17. Nd2 Nxd5 18. Bxd5 c6 19. Bb3 Qe7 20. Rxf8 Qxf8 21. Qh5 Bd8 22. Rf1 Bf6 23. Nc4 Be6 24. Ne3 Bd7 25. Nf5+ Bxf5 26. Rxf5 Qe7 27. Rf1 a5 28. Qg4 axb4 29. cxb4 Rf8 30. h4 Qd8 31. h5 Qe8 1/2-1/2

[Event "Hampshire Major"]
[Site "Eastleigh"]
[Date "2013.11.08"]
[Round "1"]
[White "Jones, Tim"]
[Black "Symons, John"]
[Result "0-1"]
[WhiteElo "1760"]
[BlackElo "1632"]
[PlyCount "78"]
[EventDate "2013.11.08"]
[EventType "swiss"]
[EventRounds "6"]
[EventCountry "ENG"]
[SourceTitle "Hampshire Chess Congress"]
[Source "Arthur Brameld"]
[SourceDate "2019.01.27"]
[SourceVersion "1"]
[SourceVersionDate "2019.01.27"]
[SourceQuality "2"]

1. Nf3 d6 2. c4 g6 3. g3 Bg7 4. Bg2 Nf6 5. Nc3 c6 6. O-O Be6 7. d3 Qd7 8. Ng5 h5 9. Nxe6 Qxe6 10. h4 Ng4 11. d4 Qxc4 12. e3 Nd7 13. Bd2 O-O 14. Rc1 Qa6 15. a4 d5 16. b4 e6 17. b5 cxb5 18. Nxb5 Rac8 19. Qb3 Rfd8 20. a5 Nb8 21. Nc7 Qe2 22. Bb4 Nf6 23. f3 Rxc7 24. Rxc7 Qb5 25. Rc5 Qd7 26. Rfc1 Ne8 27. Bf1 a6 28. Bd2 Nc6 29. Qb2 Bf8 30. R5c2 Nd6 31. Bxa6 bxa6 32. Rxc6 Nc4 33. R6xc4 dxc4 34. Rxc4 Qd5 35. Qc1 Qxf3 36. Qe1 Bd6 37. Kh2 Rb8 38. Rc1 Rb2 39. Rd1 Bxg3+ 0-1

[Event "Hampshire Major"]
[Site "Eastleigh"]
[Date "2013.11.08"]
[Round "1"]
[White "Maund, Barry K"]
[Black "Allen, Leslie C"]
[Result "1/2-1/2"]
[WhiteElo "1752"]
[BlackElo "1872"]
[PlyCount "77"]
[EventDate "2013.11.08"]
[EventType "swiss"]
[EventRounds "6"]
[EventCountry "ENG"]
[SourceTitle "Hampshire Chess Congress"]
[Source "Arthur Brameld"]
[SourceDate "2019.01.27"]
[SourceVersion "1"]
[SourceVersionDate "2019.01.27"]
[SourceQuality "2"]

1. e4 d6 2. d4 Nf6 3. Nc3 c6 4. Bg5 Nbd7 5. Nf3 h6 6. Bh4 e5 7. dxe5 dxe5 8. Bc4 Be7 9. O-O O-O 10. Qd2 b5 11. Bxf6 Bxf6 12. Bb3 Qb6 13. Rad1 Nc5 14. Qe3 Nxb3 15. Qxb6 axb6 16. axb3 Be6 17. Rd6 Rfc8 18. Rdd1 Bg4 19. h3 Bxf3 20. gxf3 Rd8 21. Rxd8+ Rxd8 22. Rd1 Kf8 23. Rxd8+ Bxd8 24. Kg2 Bg5 25. Ne2 Ke8 26. Kg3 Kd7 27. h4 Bf6 28. b4 Be7 29. c3 Ke6 30. h5 f5 31. Kh3 Bg5 32. Kg3 Bd2 33. Kh4 Be1 34. Kg3 Kf6 35. Nc1 Bd2 36. Nd3 Bg5 37. Ne1 Bf4+ 38. Kh4 Bd2 39. Nd3 1/2-1/2

[Event "Hampshire Major"]
[Site "Eastleigh"]
[Date "2013.11.08"]
[Round "1"]
[White "O'Gorman, Brendan"]
[Black "Papier, Alan"]
[Result "1/2-1/2"]
[WhiteElo "1832"]
[BlackElo "1712"]
[PlyCount "185"]
[EventDate "2013.11.08"]
[EventType "swiss"]
[EventRounds "6"]
[EventCountry "ENG"]
[SourceTitle "Hampshire Chess Congress"]
[Source "Arthur Brameld"]
[SourceDate "2019.01.27"]
[SourceVersion "1"]
[SourceVersionDate "2019.01.27"]
[SourceQuality "2"]

1. Nf3 Nf6 2. c4 c5 3. Nc3 d5 4. cxd5 Nxd5 5. g3 g6 6. Bg2 Bg7 7. O-O O-O 8. Nxd5 Qxd5 9. d3 Qd6 10. Nd2 Nd7 11. Nc4 Qc7 12. Bg5 Nb6 13. Qc2 Nxc4 14. dxc4 Qe5 15. Bf4 Qxb2 16. Qxb2 Bxb2 17. Rab1 Bf6 18. Bxb7 Bxb7 19. Rxb7 Rfd8 20. Be3 Bd4 21. Rxe7 Kf8 22. Rb7 Re8 23. Bh6+ Bg7 24. Bxg7+ Kxg7 25. Rd1 Rxe2 26. Rdd7 Rxa2 27. Rxf7+ Kh6 28. Rxh7+ Kg5 29. Rbc7 Rf8 30. Rhf7 Rxf7 31. Rxf7 Rc2 32. Rxa7 Rxc4 33. Rc7 Rc1+ 34. Kg2 c4 35. Rc5+ Kf6 36. Kf3 Ke6 37. Ke3 Kd6 38. Kd2 Rh1 39. Rxc4 Rxh2 40. Ke3 Ke6 41. Kf3 Rh5 42. Rf4 Rb5 43. Kg4 Rc5 44. Rf8 Ke7 45. Rf4 Ke6 46. Kh3 Rb5 47. Kg4 Rc5 48. Re4+ Kf6 49. f4 Rb5 50. Rc4 Rd5 51. Rc6+ Kg7 52. Re6 Kf7 53. Re5 Rd6 54. Kg5 Rb6 55. Ra5 Rc6 56. Ra7+ Kf8 57. g4 Rd6 58. Rh7 Re6 59. Rh6 Kf7 60. Rh7+ Kg8 61. Ra7 Rc6 62. Kh6 Kf8 63. Rb7 Rd6 64. Rc7 Rb6 65. Kg5 Rd6 66. Rh7 Re6 67. f5 gxf5 68. gxf5 Rb6 69. Rh6 Rb1 70. Rf6+ Kg8 71. Ra6 Rh1 72. Kg6 Rg1+ 73. Kf6 Rh1 74. Ra8+ Kh7 75. Ra7+ Kg8 76. Rg7+ Kf8 77. Ra7 Kg8 78. Ra8+ Kh7 79. Kf7 Rf1 80. f6 Rc1 81. Re8 Rf1 82. Re2 Kh6 83. Rh2+ Kg5 84. Rg2+ Kh6 85. Ke7 Re1+ 86. Kf8 Ra1 87. f7 Ra8+ 88. Ke7 Ra7+ 89. Ke6 Ra6+ 90. Ke5 Ra5+ 91. Kf4 Ra4+ 92. Kg3 Ra8 93. Rf2 1/2-1/2

[Event "Hampshire Major"]
[Site "Eastleigh"]
[Date "2013.11.08"]
[Round "1"]
[White "Samuels, Henry Alexander"]
[Black "Desmedt, Richard E"]
[Result "1/2-1/2"]
[WhiteElo "1680"]
[BlackElo "1824"]
[PlyCount "68"]
[EventDate "2013.11.08"]
[EventType "swiss"]
[EventRounds "6"]
[EventCountry "ENG"]
[SourceTitle "Hampshire Chess Congress"]
[Source "Arthur Brameld"]
[SourceDate "2019.01.27"]
[SourceVersion "1"]
[SourceVersionDate "2019.01.27"]
[SourceQuality "2"]

1. d4 d5 2. Nf3 e6 3. e3 Bd6 4. c4 c6 5. c5 Bc7 6. b4 f5 7. Bb2 Nd7 8. Nbd2 Qf6 9. Be2 Nh6 10. b5 O-O 11. bxc6 bxc6 12. O-O Nf7 13. Qa4 e5 14. dxe5 Nfxe5 15. Bd4 Qh6 16. Rab1 g5 17. Nxe5 Nxe5 18. Bxe5 Bxe5 19. f4 Bc7 20. g3 Qe6 21. Kf2 Re8 22. Qd4 Bd8 23. Rfe1 Bf6 24. Qd3 a5 25. Nf3 Ba6 26. Qd2 Bxe2 27. Rxe2 g4 28. Nd4 Qe4 29. Qc2 Bxd4 30. Qxe4 fxe4 31. exd4 Rab8 32. Reb2 Rxb2+ 33. Rxb2 e3+ 34. Ke2 Re4 1/2-1/2

[Event "Hampshire Major"]
[Site "Eastleigh"]
[Date "2013.11.08"]
[Round "1"]
[White "Smith, Christopher"]
[Black "Moore, Gillian A"]
[Result "1/2-1/2"]
[WhiteElo "1632"]
[BlackElo "1784"]
[PlyCount "103"]
[EventDate "2013.11.08"]
[EventType "swiss"]
[EventRounds "6"]
[EventCountry "ENG"]
[SourceTitle "Hampshire Chess Congress"]
[Source "Arthur Brameld"]
[SourceDate "2019.01.27"]
[SourceVersion "1"]
[SourceVersionDate "2019.01.27"]
[SourceQuality "2"]

1. c4 c5 2. g3 Nc6 3. Bg2 Nf6 4. Nc3 g6 5. e3 Bg7 6. Nge2 O-O 7. O-O d6 8. a3 Bd7 9. Rb1 Rb8 10. Nf4 Ne5 11. b3 g5 12. d4 cxd4 13. exd4 Nc6 14. Nfd5 Bf5 15. Bxg5 Bxb1 16. Qxb1 Nxd5 17. Nxd5 h6 18. Be3 e6 19. Nf4 Qa5 20. d5 exd5 21. Nxd5 Qd8 22. Qf5 Ne7 23. Nf6+ Bxf6 24. Qxf6 Ng6 25. Qd4 Kh7 26. h4 Qe7 27. h5 Ne5 28. Qe4+ f5 29. Qf4 Rf6 30. Bh3 Nd3 31. Qd4 Ne5 32. Qc3 b6 33. Rd1 Nc6 34. Bf4 Rd8 35. Re1 Qf7 36. Qf3 Nd4 37. Qd3 Ne6 38. Qc2 Nxf4 39. gxf4 Rd7 40. Rd1 Qg7+ 41. Kh2 Qf7 42. Rd5 Kh8 43. Qc3 Kg8 44. Qg3+ Kf8 45. Qf3 Re7 46. Qd1 Ree6 47. Bg2 Qe8 48. Bf3 Ke7 49. Qd3 Qf7 50. Qd1 Kd7 51. Rd3 Kc7 52. Bd5 1/2-1/2

[Event "Hampshire Major"]
[Site "Eastleigh"]
[Date "2013.11.08"]
[Round "1"]
[White "Thompson, David F"]
[Black "Roberts, Michael"]
[Result "1-0"]
[WhiteElo "1856"]
[BlackElo "1736"]
[PlyCount "114"]
[EventDate "2013.11.08"]
[EventType "swiss"]
[EventRounds "6"]
[EventCountry "ENG"]
[SourceTitle "Hampshire Chess Congress"]
[Source "Arthur Brameld"]
[SourceDate "2019.01.27"]
[SourceVersion "1"]
[SourceVersionDate "2019.01.27"]
[SourceQuality "2"]

1. e4 d5 2. exd5 Nf6 3. d4 Nxd5 4. c4 Nb6 5. Nf3 g6 6. Be3 Bg7 7. Be2 O-O 8. O-O N8d7 9. Nc3 c6 10. Qd2 Qc7 11. Rac1 Nf6 12. Bf4 Qd8 13. h3 Bf5 14. Rfd1 Qd7 15. Ne5 Qe6 16. g4 Ne4 17. Nxe4 Bxe4 18. f3 f6 19. fxe4 fxe5 20. d5 Qf6 21. Bg3 Rad8 22. c5 cxd5 23. Rf1 dxe4 24. Qxd8 Rxd8 25. Rxf6 exf6 26. cxb6 axb6 27. Rc2 Bf8 28. Bf2 Bc5 29. Bxc5 bxc5 30. Rxc5 Rd2 31. Bc4+ Kf8 32. Rb5 e3 33. Kf1 e4 34. Rxb7 Rf2+ 35. Ke1 f5 36. gxf5 gxf5 37. a4 Rc2 38. Be6 Rf2 39. Rf7+ Ke8 40. Rxf5 Rxb2 41. Re5 Rb4 42. Bf5+ Kf7 43. Rxe4 Rb1+ 44. Ke2 Rb2+ 45. Kxe3 Kf6 46. Bd7 Rb3+ 47. Kf4 Rb1 48. a5 Rf1+ 49. Kg3 Rd1 50. Bg4 Rd3+ 51. Kh4 Ra3 52. Re6+ Kg7 53. a6 Ra4 54. Rb6 Kf7 55. Rb7+ Kf6 56. a7 Ra6 57. Rxh7 Kg6 1-0

[Event "Hampshire Major"]
[Site "Eastleigh"]
[Date "2013.11.09"]
[Round "2"]
[White "Allen, Leslie C"]
[Black "Venables, Simon MJ"]
[Result "1/2-1/2"]
[WhiteElo "1872"]
[BlackElo "1752"]
[PlyCount "93"]
[EventDate "2013.11.08"]
[EventType "swiss"]
[EventRounds "6"]
[EventCountry "ENG"]
[SourceTitle "Hampshire Chess Congress"]
[Source "Arthur Brameld"]
[SourceDate "2019.01.27"]
[SourceVersion "1"]
[SourceVersionDate "2019.01.27"]
[SourceQuality "2"]

1. Nf3 d5 2. g3 e6 3. Bg2 f5 4. d3 Nf6 5. O-O Bd6 6. Nbd2 O-O 7. c4 c6 8. Qc2 Nbd7 9. a3 b6 10. b4 Bb7 11. Bb2 e5 12. e4 fxe4 13. dxe4 d4 14. Nh4 c5 15. b5 g6 16. a4 Be7 17. Qd3 Ng4 18. Nhf3 Bf6 19. Nb3 Bg7 20. a5 Nh6 21. Bc1 Nf7 22. h4 Nd6 23. Nh2 Nf6 24. Re1 Rb8 25. Bg5 Qd7 26. Nd2 Nh5 27. Nb3 Qf7 28. Ng4 Qxc4 29. Qxc4+ Nxc4 30. axb6 axb6 31. Ra7 Nd6 32. Be7 Nxb5 33. Rxb7 Rxb7 34. Bxf8 Kxf8 35. Ra1 Nc3 36. Ra8+ Ke7 37. Nc1 b5 38. Nd3 Kd6 39. Ra6+ Kc7 40. Nxc5 Rb6 41. Ne6+ Kb7 42. Rxb6+ Kxb6 43. Nxg7 Nxg7 44. Nxe5 b4 45. Nd3 Kb5 46. Nb2 Nh5 47. Bf1+ 1/2-1/2

[Event "Hampshire Major"]
[Site "Eastleigh"]
[Date "2013.11.09"]
[Round "2"]
[White "Conway, Alexander"]
[Black "Manning, Peter A"]
[Result "1-0"]
[WhiteElo "1848"]
[BlackElo "1744"]
[PlyCount "103"]
[EventDate "2013.11.08"]
[EventType "swiss"]
[EventRounds "6"]
[EventCountry "ENG"]
[SourceTitle "Hampshire Chess Congress"]
[Source "Arthur Brameld"]
[SourceDate "2019.01.27"]
[SourceVersion "1"]
[SourceVersionDate "2019.01.27"]
[SourceQuality "2"]

1. e4 c5 2. Nc3 e6 3. f4 g6 4. Nf3 Bg7 5. e5 Ne7 6. Bc4 d5 7. Bb5+ Bd7 8. Bxd7+ Qxd7 9. O-O a6 10. d3 Nbc6 11. a3 h5 12. Na4 Nd4 13. Nb6 Qd8 14. Nxa8 Qxa8 15. Nxd4 cxd4 16. Qf3 Nf5 17. Qf2 h4 18. Bd2 Bf8 19. Rac1 Bc5 20. Rfe1 Qa7 21. b4 Bb6 22. a4 Qb8 23. Rb1 Qc7 24. Rec1 Ba7 25. b5 Bc5 26. Bb4 Kf8 27. bxa6 bxa6 28. Bxc5+ Qxc5 29. Rb8+ Kg7 30. Rxh8 Kxh8 31. Qd2 Kg7 32. Kf2 a5 33. Rb1 Qc7 34. Rb5 Ne3 35. Rxa5 Nxc2 36. Rb5 Ne3 37. g3 hxg3+ 38. hxg3 Qc8 39. Rb2 Qh8 40. Kg1 Qh5 41. Qe2 Qh3 42. Qf3 Qf5 43. Rd2 g5 44. a5 f6 45. exf6+ Qxf6 46. Rf2 g4 47. Qe2 Qd8 48. Qb2 Qf6 49. Qb7+ Kg6 50. a6 Qd8 51. Ra2 Qh8 52. Rh2 1-0

[Event "Hampshire Major"]
[Site "Eastleigh"]
[Date "2013.11.09"]
[Round "2"]
[White "Desmedt, Richard E"]
[Black "Dallas, Peter L"]
[Result "1-0"]
[WhiteElo "1824"]
[BlackElo "1720"]
[PlyCount "83"]
[EventDate "2013.11.08"]
[EventType "swiss"]
[EventRounds "6"]
[EventCountry "ENG"]
[SourceTitle "Hampshire Chess Congress"]
[Source "Arthur Brameld"]
[SourceDate "2019.01.27"]
[SourceVersion "1"]
[SourceVersionDate "2019.01.27"]
[SourceQuality "2"]

1. e4 g6 2. d4 Bg7 3. Nc3 d6 4. Be3 Nd7 5. f3 c6 6. Be2 Qc7 7. Nh3 e5 8. d5 Ngf6 9. dxc6 bxc6 10. Nf2 Bb7 11. Qd2 a6 12. f4 exf4 13. Bxf4 Ne5 14. O-O-O O-O-O 15. Kb1 d5 16. exd5 Nxd5 17. Nxd5 Rxd5 18. Qc3 Rhd8 19. Rxd5 Rxd5 20. Qa3 Qb6 21. Be3 c5 22. c4 Rd4 23. Bxd4 cxd4 24. Nd3 Be4 25. Ka1 Bxd3 26. Bxd3 Qc6 27. c5 Nxd3 28. Qxd3 Qxc5 29. Qxa6+ Kc7 30. Qd3 f5 31. Kb1 Bh6 32. Qc2 Kd6 33. Qxc5+ Kxc5 34. Kc2 Be3 35. Kd3 Kb4 36. Re1 f4 37. Re2 g5 38. Rc2 g4 39. Rc4+ Kb5 40. Rxd4 Bxd4 41. Kxd4 h5 42. Ke4 1-0

[Event "Hampshire Major"]
[Site "Eastleigh"]
[Date "2013.11.09"]
[Round "2"]
[White "Grieve, Harry"]
[Black "Smith, Christopher"]
[Result "1-0"]
[WhiteElo "1816"]
[BlackElo "1632"]
[PlyCount "97"]
[EventDate "2013.11.08"]
[EventType "swiss"]
[EventRounds "6"]
[EventCountry "ENG"]
[SourceTitle "Hampshire Chess Congress"]
[Source "Arthur Brameld"]
[SourceDate "2019.01.27"]
[SourceVersion "1"]
[SourceVersionDate "2019.01.27"]
[SourceQuality "2"]

1. e4 e6 2. d4 d5 3. e5 c5 4. c3 Nc6 5. Nf3 cxd4 6. cxd4 Qb6 7. Bd3 Bd7 8. O-O Nxd4 9. Nxd4 Qxd4 10. Nc3 a6 11. Re1 Bb4 12. Be3 Qh4 13. g3 Qe7 14. Rc1 Rc8 15. Bd4 Bc5 16. Qg4 g6 17. Bxc5 Rxc5 18. Na4 Rxc1 19. Rxc1 Bxa4 20. Qxa4+ Kf8 21. Qa5 Kg7 22. f4 Nh6 23. Rc7 Qd8 24. Qb6 Qa8 25. Qxb7 Qxb7 26. Rxb7 Ra8 27. Rb4 Ng8 28. Ra4 Ne7 29. Rxa6 Rxa6 30. Bxa6 Nc6 31. a3 Kf8 32. Kf2 Ke7 33. Ke3 Kd8 34. b4 Kc7 35. Bb5 Kb6 36. Bxc6 Kxc6 37. a4 Kb6 38. h4 h5 39. Kd3 Ka6 40. Kd4 Kb6 41. b5 Kb7 42. a5 Kc7 43. Kc5 Kb8 44. Kb6 d4 45. a6 d3 46. a7+ Ka8 47. Ka6 d2 48. b6 d1=Q 49. b7# 1-0

[Event "Hampshire Major"]
[Site "Eastleigh"]
[Date "2013.11.09"]
[Round "2"]
[White "Matthew, Ian G"]
[Black "O'Gorman, Brendan"]
[Result "0-1"]
[WhiteElo "1760"]
[BlackElo "1832"]
[PlyCount "48"]
[EventDate "2013.11.08"]
[EventType "swiss"]
[EventRounds "6"]
[EventCountry "ENG"]
[SourceTitle "Hampshire Chess Congress"]
[Source "Arthur Brameld"]
[SourceDate "2019.01.27"]
[SourceVersion "1"]
[SourceVersionDate "2019.01.27"]
[SourceQuality "2"]

1. e4 c5 2. Nf3 g6 3. d4 cxd4 4. Qxd4 Nf6 5. e5 Nc6 6. Qa4 Nd5 7. c3 Bg7 8. Qe4 Nc7 9. Be3 O-O 10. Nbd2 b5 11. Nd4 Nxe5 12. Nxb5 d5 13. Qh4 Rb8 14. Nd4 Ba6 15. f4 Bxf1 16. Kxf1 Nc4 17. Nxc4 dxc4 18. Qf2 Qd5 19. Rd1 Qe4 20. Nf3 Rfd8 21. Rd2 Qb1+ 22. Ne1 Rxd2 23. Qxd2 Qxb2 24. Qxb2 Rxb2 0-1

[Event "Hampshire Major"]
[Site "Eastleigh"]
[Date "2013.11.09"]
[Round "2"]
[White "Moore, Gillian A"]
[Black "Samuels, Henry Alexander"]
[Result "1/2-1/2"]
[WhiteElo "1784"]
[BlackElo "1680"]
[PlyCount "103"]
[EventDate "2013.11.08"]
[EventType "swiss"]
[EventRounds "6"]
[EventCountry "ENG"]
[SourceTitle "Hampshire Chess Congress"]
[Source "Arthur Brameld"]
[SourceDate "2019.01.27"]
[SourceVersion "1"]
[SourceVersionDate "2019.01.27"]
[SourceQuality "2"]

1. d4 e6 2. c4 c5 3. d5 d6 4. Nc3 Nf6 5. Nf3 Be7 6. g3 e5 7. Bg2 O-O 8. O-O Ne8 9. e4 f5 10. exf5 Bxf5 11. Qb3 b6 12. Be3 h6 13. Rfe1 Nd7 14. Rac1 Ndf6 15. Nh4 Bh7 16. Bh3 Nh5 17. Qd1 Nf4 18. Bxf4 exf4 19. Ng2 fxg3 20. hxg3 Bg5 21. f4 Bf6 22. Kh2 Nc7 23. Qg4 Bxc3 24. Rxc3 Bf5 25. Qh4 Qxh4 26. Nxh4 Bxh3 27. Kxh3 Rae8 28. Rce3 Rxe3 29. Rxe3 Re8 30. Rxe8+ Nxe8 31. Kg4 Kf7 32. Nf5 Kf6 33. Ne3 g6 34. f5 Ng7 35. fxg6 Kxg6 36. Ng2 Kf6 37. Nf4 Nf5 38. b3 Ng7 39. a4 Nf5 40. Ne2 Nd4 41. Nc1 Kg6 42. Kh4 Nf5+ 43. Kg4 Nd4 44. Kh4 Nf5+ 45. Kh3 Nd4 46. g4 h5 47. gxh5+ Kxh5 48. Kg3 Kg5 49. Kf2 Kf4 50. Nd3+ Ke4 51. Nc1 Kf4 52. Nd3+ 1/2-1/2

[Event "Hampshire Major"]
[Site "Eastleigh"]
[Date "2013.11.09"]
[Round "2"]
[White "Papier, Alan"]
[Black "Jones, Tim"]
[Result "1-0"]
[WhiteElo "1712"]
[BlackElo "1760"]
[PlyCount "107"]
[EventDate "2013.11.08"]
[EventType "swiss"]
[EventRounds "6"]
[EventCountry "ENG"]
[SourceTitle "Hampshire Chess Congress"]
[Source "Arthur Brameld"]
[SourceDate "2019.01.27"]
[SourceVersion "1"]
[SourceVersionDate "2019.01.27"]
[SourceQuality "2"]

1. Nf3 g6 2. c4 Bg7 3. d4 c5 4. g3 Nf6 5. Bg2 O-O 6. O-O cxd4 7. Nxd4 Nc6 8. Nc3 Nxd4 9. Qxd4 d6 10. Qd3 Rb8 11. Be3 a6 12. h3 Bf5 13. Qd2 Qc8 14. g4 Bd7 15. b3 Bc6 16. f3 h5 17. g5 Nd7 18. Rac1 Ne5 19. Nd5 Bxd5 20. cxd5 Qd8 21. f4 Nd7 22. Rc2 Rc8 23. Rfc1 Rxc2 24. Qxc2 Qa5 25. Qc7 Qxc7 26. Rxc7 Rd8 27. Rxb7 Kf8 28. Ra7 Nb8 29. Be4 Bc3 30. Bd3 a5 31. Kg2 Nd7 32. Kf3 Bb4 33. Rc7 Nc5 34. Bc2 Ke8 35. f5 gxf5 36. Bxf5 Nd7 37. Bd4 Ne5+ 38. Ke4 Ng6 39. Bc3 Rb8 40. Bxb4 axb4 41. Rc8+ Rxc8 42. Bxc8 Ne5 43. Bf5 Kf8 44. Ke3 Ke8 45. Kf2 h4 46. Ke3 Kd8 47. Bh7 Kc7 48. Kf4 Kd7 49. Kf5 Ke8 50. g6 Kf8 51. gxf7 Kxf7 52. Kg5 Kg7 53. Be4 Kf7 54. Kxh4 1-0

[Event "Hampshire Major"]
[Site "Eastleigh"]
[Date "2013.11.09"]
[Round "2"]
[White "Pope, Michael"]
[Black "Armorgie, Jack"]
[Result "0-1"]
[WhiteElo "1664"]
[BlackElo "1624"]
[PlyCount "88"]
[EventDate "2013.11.08"]
[EventType "swiss"]
[EventRounds "6"]
[EventCountry "ENG"]
[SourceTitle "Hampshire Chess Congress"]
[Source "Arthur Brameld"]
[SourceDate "2019.01.27"]
[SourceVersion "1"]
[SourceVersionDate "2019.01.27"]
[SourceQuality "2"]

1. e4 e6 2. d4 d5 3. e5 c5 4. c3 Qb6 5. Nf3 Bd7 6. Qc2 cxd4 7. Nxd4 Bc5 8. Be3 Nc6 9. Nxc6 Bxe3 10. Nb4 Rc8 11. fxe3 Qxb4 12. Qf2 Qb6 13. Na3 Ne7 14. Bd3 h6 15. O-O O-O 16. e4 Qxf2+ 17. Rxf2 Bc6 18. exd5 Nxd5 19. Nc2 Rfd8 20. Nd4 a6 21. Raf1 Rd7 22. Re1 b5 23. a3 Bb7 24. Be4 Rcc7 25. Bxd5 Rxd5 26. Rfe2 a5 27. Nf3 b4 28. cxb4 axb4 29. axb4 Rb5 30. Kf2 Rxb4 31. Rd1 Bxf3 32. gxf3 Kh7 33. Kg3 Kg6 34. Rg1 Kf5 35. Kf2 g5 36. Kg3 Rc5 37. Rge1 Rcb5 38. Re4 Rxb2 39. h4 R2b4 40. hxg5 hxg5 41. R4e3 Rb1 42. R1e2 R5b2 43. Rg2 Rxg2+ 44. Kxg2 Rb5 0-1

[Event "Hampshire Major"]
[Site "Eastleigh"]
[Date "2013.11.09"]
[Round "2"]
[White "Roberts, Michael"]
[Black "Stone, Mark R"]
[Result "1-0"]
[WhiteElo "1736"]
[BlackElo "1656"]
[PlyCount "71"]
[EventDate "2013.11.08"]
[EventType "swiss"]
[EventRounds "6"]
[EventCountry "ENG"]
[SourceTitle "Hampshire Chess Congress"]
[Source "Arthur Brameld"]
[SourceDate "2019.01.27"]
[SourceVersion "1"]
[SourceVersionDate "2019.01.27"]
[SourceQuality "2"]

1. d4 d5 2. e3 Nf6 3. f4 c5 4. c3 Nc6 5. Bd3 Bg4 6. Nf3 e6 7. Nbd2 Be7 8. O-O O-O 9. Qe1 Bh5 10. Ne5 Nxe5 11. fxe5 Nd7 12. Kh1 f5 13. Nf3 Bxf3 14. Rxf3 Bg5 15. Bd2 Qe7 16. Qe2 c4 17. Bc2 b5 18. Rg1 h5 19. Rg3 h4 20. Rh3 g6 21. g3 Kf7 22. gxh4 Bxh4 23. Qg2 Rg8 24. Be1 g5 25. Bd1 Rg7 26. Bxh4 Rag8 27. Rg3 Rh7 28. Bxg5 Qf8 29. Bf4 Rgh8 30. Rg5 Nb6 31. Bh5+ Ke7 32. Rg7+ Kd8 33. Rxh7 Rxh7 34. Qg6 Re7 35. Bg5 Nc8 36. Qxe6 1-0

[Event "Hampshire Major"]
[Site "Eastleigh"]
[Date "2013.11.09"]
[Round "2"]
[White "Symons, John"]
[Black "Thompson, David F"]
[Result "0-1"]
[WhiteElo "1632"]
[BlackElo "1856"]
[PlyCount "80"]
[EventDate "2013.11.08"]
[EventType "swiss"]
[EventRounds "6"]
[EventCountry "ENG"]
[SourceTitle "Hampshire Chess Congress"]
[Source "Arthur Brameld"]
[SourceDate "2019.01.27"]
[SourceVersion "1"]
[SourceVersionDate "2019.01.27"]
[SourceQuality "2"]

1. e4 c6 2. d4 d5 3. exd5 cxd5 4. Bf4 Nc6 5. c3 Nf6 6. Bb5 g6 7. Nf3 Qb6 8. Bxc6+ bxc6 9. Qc2 Ba6 10. Nbd2 Bg7 11. Ne5 O-O 12. Nb3 Rad8 13. Nc5 Bc8 14. O-O Nh5 15. Be3 Qc7 16. Qd2 f6 17. Ned3 e5 18. f3 f5 19. dxe5 f4 20. Bd4 Rde8 21. Rae1 Rf5 22. Re2 g5 23. Rfe1 Bh8 24. Qc2 Rff8 25. Qa4 a5 26. a3 Ng7 27. e6 Nf5 28. Bf2 Re7 29. Ne5 Rfe8 30. Qxc6 Bxe5 31. Qxd5 Ne3 32. Bxe3 fxe3 33. Rxe3 Bxh2+ 34. Kh1 Bf4 35. Re4 Qd6 36. Qb3 Qxc5 37. Rd4 Bxe6 38. Qd1 Kf7 39. Qd3 Qf5 40. Qf1 Qf6 0-1